Auswanderungen Polen - Statistiken

Allgemein
  • Dieses Quiz wurde 119 mal gespielt
  • Das Durchschnittsergebnis liegt bei 20 aus 25
Antwortstatistiken
Platz Land Anzahl % Korrekt
1. Vereinigte Staaten 10.600.000
100%
3. Deutschland 2.253.000
99%
9. Russland 273.000
99%
13. Ukraine 144.130
96%
5. Kanada 1.010.075
94%
17. Schweden 75.323
94%
16. Italien 97.000
93%
19. Spanien 63.000
93%
4. Frankreich 1.350.000
91%
20. Niederlande 60.000
91%
6. Vereinigtes Königreich 695.000
90%
23. Dänemark 37.876
88%
18. Österreich 69.898
88%
15. Norwegen 108.255
86%
21. Belgien 49.600
85%
12. Litauen 164.000
84%
14. Irland 112.500
81%
22. Lettland 44.783
81%
8. Weißrussland 295.000
78%
10. Australien 216.056
75%
2. Brasilien 2.400.000
75%
7. Argentinien 500.000
66%
11. Israel 202.300
46%
25. Südafrika 30.000
41%
24. Kasachstan 34.057
36%
Keine übereinstimmenden Quizze gefunden
Verteilung der Resultate
Anzahl Personen mit jedem Resultat
Perzentil nach korrekt beantworteten Fragen
Ihre Resultats-Entwicklung
Sie haben dieses Quiz noch nicht gespielt